00892cam a2200253 a 450000100060000000300080000600500170001400800410003102000240007203500190009604000320011504100080014708200240015510000270017924500710020626000670027730000260034450400290037060000610039965000580046065000540051865000240057265000420059619682BD-RjUL20211209000449.0850207t19731963enk b 001 1 eng d a0485120054 (pbk.) : a(BD-RjUL)19742 aDLCcDLCdDLCdBD-RjULbeng aeng00a823.8219bHAN 19731 aHardy, Barbara Nathan.14aThe novels of George Eliot :ba study in form /cby Barbara Hardy. aLondon ;aDover, N.H. :bAthlone Press,c1963 [Reprinted 1973] axii, 242 p. ;c20 cm. aBibliography: p. xi-xii.10aEliot, George,d1819-1880xCriticism and interpretation. 0aWomen and literaturezEnglandxHistoryy19th century. 0aDidactic fiction, EnglishxHistory and criticism. 0aFictionxTechnique. 0aLiterary formxHistoryy19th century.